[Event "Monaco Sulava Memorial 1st"]
[Site "Monte Carlo"]
[Date "2019.11.29"]
[Round "5"]
[White "Mongelli, Ferdinando"]
[Black "Lo Iacono, Sebastien"]
[Result "0-1"]
[WhiteElo "1759"]
[BlackElo "2023"]
[PlyCount "67"]
[EventDate "2019.11.29"]
[EventType "swiss"]
[EventRounds "9"]
[EventCountry "MNC"]
[SourceTitle "CBM 193 Extra"]
[Source "ChessBase"]
[SourceDate "2020.01.31"]
[SourceVersion "1"]
[SourceVersionDate "2020.01.31"]
[SourceQuality "1"]

1. e4 c5 2. Nf3 Nc6 3. Bc4 e6 4. d3 Nge7 5. a3 d5 6. exd5 exd5 7. Ba2 g6 8. 0-0 Bg7 9. Re1 0-0 10. Nc3 Bg4 11. Bg5 h6 12. Bxe7 Nxe7 13. Qe2 Nf5 14. Bxd5 Bxc3 15. Qe4 Bxf3 16. Qxf3 Bxe1 17. Rxe1 Nd4 18. Qe4 Kg7 19. Qe5+ Qf6 20. Qc7 Rfe8 21. Rf1 Ne2+ 22. Kh1 Qf4 23. Qxb7 Rab8 24. Qxa7 Rxb2 25. g3 Qf6 26. Qxc5 Qd4 27. Qc6 Rd8 28. Bc4 Qd6 29. Qf3 Qe7 30. Re1 Re8 31. Rxe2 Rb1+ 32. Kg2 Qd7 33. Rxe8 Qxe8 34. Qe4 0-1

[Event "FRA-chT U16"]
[Site "Sautron"]
[Date "2018.05.21"]
[Round "4.3"]
[White "Harutyunyan, Safar"]
[Black "Lo Iacono, Sebastien"]
[Result "1-0"]
[WhiteElo "2119"]
[BlackElo "1887"]
[PlyCount "71"]
[EventDate "2018.05.19"]
[EventType "team-match"]
[EventRounds "5"]
[EventCountry "FRA"]
[SourceTitle "EXT 2019"]
[Source "ChessBase"]
[SourceDate "2018.10.10"]
[SourceVersion "1"]
[SourceVersionDate "2018.10.10"]
[SourceQuality "1"]

1. Nf3 Nf6 2. d4 g6 3. c4 Bg7 4. Nc3 d5 5. Bf4 0-0 6. Rc1 dxc4 7. e3 c5 8. Bxc4 Nc6 9. d5 Na5 10. Be2 b6 11. a3 Nb7 12. e4 Ne8 13. Ne5 Bd7 14. 0-0 Nbd6 15. Nxd7 Qxd7 16. Qd2 Nc7 17. f3 Ndb5 18. Bh6 Nd4 19. Bxg7 Kxg7 20. Bc4 e6 21. b4 Qd6 22. Rfd1 e5 23. Ne2 f5 24. Nxd4 cxd4 25. Bd3 fxe4 26. fxe4 Rf6 27. Rc6 Qe7 28. Rdc1 Rxc6 29. Rxc6 Ne8 30. Re6 Qh4 31. Rxe5 Rc8 32. Bf1 Nf6 33. Qxd4 Rc1 34. g3 Rxf1+ 35. Kxf1 Qxh2 36. Re7+ 1-0

[Event "FRA-chT U20"]
[Site "Marseille"]
[Date "2013.12.08"]
[Round "?"]
[White "Gachon, Maxence"]
[Black "Lo Iacono, Sebastien"]
[Result "0-1"]
[WhiteElo "1430"]
[BlackElo "1342"]
[PlyCount "84"]
[EventDate "2013.12.07"]
[EventType "team-match"]
[EventRounds "5"]
[EventCountry "FRA"]
[SourceTitle "EXT 2015"]
[Source "ChessBase"]
[SourceDate "2014.11.20"]
[SourceVersion "1"]
[SourceVersionDate "2014.11.20"]
[SourceQuality "1"]

1. d4 Nf6 2. c4 g6 3. Nc3 Bg7 4. e4 d6 5. f4 0-0 6. Nf3 c5 7. d5 e6 8. Bd3 Bd7 9. 0-0 Qe7 10. Re1 e5 11. f5 Na6 12. a3 Nc7 13. Bg5 h6 14. Be3 a6 15. Qd2 Kh7 16. Nh4 Ng4 17. Qe2 Qxh4 18. Qf3 Qxh2+ 19. Kf1 Nxe3+ 20. Qxe3 Qf4+ 21. Qf2 Qxf2+ 22. Kxf2 gxf5 23. exf5 b5 24. f6+ Kg8 25. fxg7 Kxg7 26. Ne4 Bf5 27. Kf3 Rad8 28. b4 cxb4 29. axb4 Bxe4+ 30. Kxe4 f5+ 31. Ke3 e4 32. Be2 Rde8 33. g3 Re5 34. Rg1 Kh7 35. Rgf1 Rg8 36. Rg1 Re7 37. Raf1 Rg5 38. Kd4 bxc4 39. Kxc4 Reg7 40. Rg2 Kg8 41. Rh1 f4 42. Rh5 f3 0-1